| 000 | 00485 a2200169 4500 | ||
|---|---|---|---|
| 020 | _a0072315695 | ||
| 040 |
_aDLC _bDLC |
||
| 082 | 0 | 0 | _a808.51 |
| 100 | 1 | _aLucas, Stephen, | |
| 245 | 1 | 4 |
_aThe art of public speaking _cStephen E. Lucas. |
| 250 | _a7th ed. | ||
| 260 |
_aBoston, Mass. : _bMcGraw Hill, _cc2001. |
||
| 300 |
_axxxiv, 474 p. : _bcol. ill. ; _c26 cm. |
||
| 500 | _aIncludes bibliographical references and index. | ||
| 650 | 0 | _aPublic speaking. | |
| 942 |
_cBK _k808.51 LUC _2ddc |
||
| 999 |
_c4959 _d4959 |
||